<?xml version="1.0" encoding="UTF-8"?>
<marc:record xmlns:marc="http://www.loc.gov/MARC21/slim">
   <marc:leader>00000nam a2200000 a 4500</marc:leader>
   <marc:datafield ind1="1" ind2=" " tag="100">
      <marc:subfield code="a">Waltl, Inge</marc:subfield>
      <marc:subfield code="4">aut</marc:subfield>
      <marc:subfield code="e">Verfasser/-in</marc:subfield>
   </marc:datafield>
   <marc:datafield ind1=" " ind2=" " tag="653">
      <marc:subfield code="a">Kräuter</marc:subfield>
   </marc:datafield>
   <marc:datafield ind1=" " ind2=" " tag="653">
      <marc:subfield code="a">Essen und Trinken</marc:subfield>
   </marc:datafield>
   <marc:datafield ind1=" " ind2=" " tag="653">
      <marc:subfield code="a">Kochbuch</marc:subfield>
   </marc:datafield>
   <marc:datafield ind1=" " ind2=" " tag="653">
      <marc:subfield code="a">Rezept</marc:subfield>
   </marc:datafield>
   <marc:datafield ind1=" " ind2=" " tag="653">
      <marc:subfield code="a">Kochen</marc:subfield>
   </marc:datafield>
   <marc:datafield ind1="0" ind2="0" tag="245">
      <marc:subfield code="a">Wild und köstlich</marc:subfield>
   </marc:datafield>
   <marc:datafield ind1=" " ind2="1" tag="264">
      <marc:subfield code="b">Pustet</marc:subfield>
      <marc:subfield code="c">2012</marc:subfield>
   </marc:datafield>
   <marc:datafield ind1="1" ind2=" " tag="520">
      <marc:subfield code="a">Unkraut vergeht nicht Also nutzen Sie es, anstatt sich darüber zu ärgern! Im eigenen Garten, auf einer Wiese oder im Wald überall finden sich eine Vielzahl an Pflanzen, die zu Unrecht ein Schattendasein fristen oder sogar als Unkraut beschimpft werden. Dabei hätten sie Besseres verdient: Einige davon schmecken sogar ganz vorzüglich und eignen sich hervorragend für die gehobene Küche. Was sich alles aus Giersch, Löwenzahn, Felsenbirne und Co. zaubern lässt, findet sich in diesem Buch. Neben genauen Beschreibungen und Fotos zum Bestimmen der Pflanzen hat Autorin Inge Waltl feine Rezepte und Serviervorschläge für Gourmets zusammengestellt. Geben sie den heimischen Unkräutern eine Chance, Ihren Gaumen zu entzücken! *Amazon.de*</marc:subfield>
   </marc:datafield>
   <marc:datafield ind1=" " ind2=" " tag="020">
      <marc:subfield code="a">9783702506728</marc:subfield>
      <marc:subfield code="9">9783702506728</marc:subfield>
   </marc:datafield>
</marc:record>
